000
00299nam a2200133Ia 4500
008
190216s9999||||xx |||||||||||||| ||und||
100
_a
Sharma
245
0
_a
Real Analysis
250
_a
2nd Ed.
260
_b
Krishna Prakashan Media
_c
2004
300
_a
602
650
_a
Mathe Matics
942
_c
BK
999
_c
32557
_d
32557